00269nam a2200109Ia 4500008004000000082001900040100001900059245002700078260001900105300000900124650002600133210210b1972 xxu||||| |||| 00| 0 eng d a321.80954 GOKC aGOKHALE (B K). aConstitution of India. aBombaybc1972 a1525 aIndian constitution